| 000 | 01132nam a2200229Ia 4500 | ||
|---|---|---|---|
| 999 |
_c40325 _d40325 |
||
| 001 | 6933 | ||
| 003 | GE_BSU | ||
| 005 | 20221004150725.0 | ||
| 008 | 181216s1955||||ge |||||||||||||| ||geo|| | ||
| 040 | _cGE_BSU | ||
| 041 | _ageo | ||
| 080 | _a821.353.1-11 გ-97 | ||
| 100 |
_aგურამიშვილი, დავით. _96973 |
||
| 245 |
_aდავითიანი / _cდავით გურამიშვილი ; სარედ. კოლეგია : ალ. ბარამიძე ; პ/მგ. რედ. ნ. ბერძენიშვილი ; კ. კეკელიძე და სხვ. |
||
| 264 |
_aთბილისი : _bსაბჭ.მწერალი, _c1955. |
||
| 300 |
_a372 გვ. ; _c17 სმ. |
||
| 653 | _aდავითიანი | ||
| 653 | _aქართული ლიტერატურა | ||
| 700 |
_aბერძენიშვილი, ნ. _eრედაქტორი _96976 |
||
| 700 |
_aკეკელიძე, კ. _eრედაქტორი _93519 |
||
| 942 |
_cBK _2udc |
||